Movies Quiz

Random Movies or Role Quiz

Movie Cast Match (2017) Quiz Stats

 Plays Quiz Updated Feb 17, 2018

Support Sporcle.
Go Orange.
Score 0/40 Timer 08:00
0 Plays Today
% Correct
Guardians of the Galaxy Vol. 2
87.6%
Pitch Perfect 3
87.6%
Thor: Ragnarok
87%
Wonder Woman
86.5%
Jumanji: Welcome to the Jungle
86.3%
Star Wars: Episode VIII - The Last Jedi
85.5%
Beauty and the Beast
84.9%
The Fate of the Furious
84.5%
The Greatest Showman
84.1%
Baywatch
83.9%
Daddy's Home 2
82.5%
Pirates of the Caribbean: Dead Men Tell No Tales
81.3%
John Wick: Chapter 2
80.5%
Despicable Me 3
79.5%
A Bad Moms Christmas
79.3%
Blade Runner 2049
79.3%
Logan
79.2%
Justice League
79%
Spider-Man: Homecoming
77.6%
Kingsman: The Golden Circle
76.7%
% Correct
I, Tonya
75.8%
The Emoji Movie
75%
The LEGO Batman Movie
72.5%
Dunkirk
72.5%
Girls Trip
72.2%
The Post
72%
Three Billboards Outside Ebbing, Missouri
71%
The Disaster Artist
70.4%
Atomic Blonde
69.6%
Baby Driver
69.3%
Mother!
67.3%
Murder on the Orient Express
65%
Lady Bird
64.9%
Get Out
64.9%
War for the Planet of the Apes
63.8%
Darkest Hour
62.9%
IT
60%
The Shape of Water
57.4%
Phantom Thread
54.2%
Alien: Covenant
51.8%

You're not logged in!

Compare scores with friends on all Sporcle quizzes.
OR
Log In

From the Vault

Remove Ads.
Support Sporcle.
Get the best of Sporcle when you Go Orange. This ad-free experience offers more features, more stats, and more fun while also helping to support Sporcle. Thank you for becoming a member.

Show Comments

Extras

Top Quizzes Today


Score Distribution

Your Account Isn't Verified!

In order to create a playlist on Sporcle, you need to verify the email address you used during registration. Go to your Sporcle Settings to finish the process.

Report this User

Report this user for behavior that violates our Community Guidelines.

Details: